Cattle breeds of the world

Guardado en:
Formato: Libro
Publicado: New York (state) : Msd Agvet, 1985
Materias:
Etiquetas: Agregar Etiqueta
Sin Etiquetas, Sea el primero en etiquetar este registro!
LEADER 00461nam a22001695a 4500
001 CEM.cems018002
005 20130423125927.0
008 130507s1985##################000#0#####d
003 CEMS
082 0 4 |a 636.2 
245 0 0 |a Cattle breeds of the world 
260 |a New York (state) :  |b Msd Agvet,  |c 1985 
300 |a 234 p. 
653 |a Bovinos-razas 
653 |a Razas de bovinos 
653 |a Cattle breeds 
859 |a CEMS  |b BIB. CEMS - Agricultura  |h 636.2  |i C297  |p A1846.13  |t Ej.1